000 00370 a2200169 4500
001 186486
020 _a978-85-16-07496-8
040 _cMagnum
100 _aBandeira, Pedro
240 1 0 _aChapeuzinho e o lobo mau
_lpor
245 1 0 _aChapeuzinho e o lobo mau
300 _a28
362 0 _a2012
440 1 _aModerna
697 _aLITERATURA INFANTO
942 _cBK
999 _c186486
_d186486